[Event "Leitersdorf op"]
[Site "Leitersdorf"]
[Date "2016.01.06"]
[Round "5"]
[White "Boeheim, Paul"]
[Black "Angerer, Matthias"]
[Result "1-0"]
[WhiteElo "1027"]
[BlackElo "985"]
[PlyCount "45"]
[EventDate "2016.01.02"]
[EventType "swiss"]
[EventRounds "5"]
[EventCountry "AUT"]
[SourceTitle "CBM 170 Extra"]
[Source "ChessBase"]
[SourceDate "2016.02.25"]
[SourceVersion "1"]
[SourceVersionDate "2016.02.25"]
[SourceQuality "1"]

1. e4 e5 2. Nf3 Nc6 3. Bc4 Nf6 4. d3 Bb4+ 5. Nc3 d5 6. exd5 Nxd5 7. a3 Bxc3+ 8. bxc3 Nxc3 9. Qd2 Nd5 10. Bb2 f6 11. 0-0 Bg4 12. Qe2 Qd6 13. Qe4 Nf4 14. d4 0-0-0 15. dxe5 fxe5 16. Bxe5 Nxe5 17. Nxe5 Ne2+ 18. Bxe2 Rde8 19. Qxg4+ Kb8 20. Nf7 Qe6 21. Qxe6 Rxe6 22. Nxh8 Rxe2 23. Rfe1 1-0